Statistiques concernant Vian - Le déserteur

Cliquez ici pour prendre le quiz!

Statistiques générales

  • Ce quiz a été pris 86 fois
  • Le résultat moyen est 175 sur 222

Statistiques - réponses

Paroles% Correct
le
100%
mon
99%
vous
99%
une
99%
m'
99%
Vous
99%
S'
99%
J'
97%
la
97%
à
97%
que
97%
je
97%
n'
97%
j'
97%
qu'
97%
Si
97%
N'
97%
Que
97%
a
97%
Je
97%
96%
d'
96%
d'armes
96%
De
96%
pas
96%
ne
96%
président
96%
Monsieur
96%
Président
96%
de
96%
lettre
96%
C'
94%
avez
94%
peut-être
94%
lirez
94%
temps
94%
veux
94%
pour
93%
guerre
93%
en
93%
Pour
93%
me
93%
suis
92%
des
92%
est
92%
Et
92%
faire
90%
Il
90%
On
90%
il
90%
Ma
89%
Mes
89%
mes
89%
ma
89%
au
87%
fais
87%
vie
87%
tuer
87%
vais
86%
ai
86%
partir
85%
viens
85%
sur
85%
partir"
85%
Sur
85%
recevoir
83%
Terre
83%
papiers
83%
militaires
83%
pauvres
80%
gens
80%
vu
77%
mère
77%
faut
77%
aurai
77%
déserter
77%
ils
77%
pourront
76%
tirer.
76%
Avant
76%
soir
76%
frères
76%
dise
76%
père
76%
mourir
75%
mercredi
75%
Depuis
75%
se
72%
décision
72%
prise
72%
sa
69%
les
69%
enfants
65%
Elle
61%
vos
61%
gendarmes
59%
volé
59%
fâcher
59%
tant
59%
bon
58%
pleurer
58%
tombe
55%
souffert
55%
bombes
54%
âme
54%
Allez
52%
irai
52%
allez
52%
femme
52%
dedans
51%
moque
51%
Prévenez
49%
Demain
45%
matin
45%
chemins
45%
aux
44%
tout
44%
cher
44%
vers
44%
son
44%
passé
42%
France
41%
Provence
39%
routes
39%
poursuivez
38%
êtes
38%
vôtre
38%
donner
38%
Refusez
38%
"Refusez
38%
Bretagne
38%
apôtre
37%
dirai
37%
Quand
37%
sang
34%
étais
32%
mortes
31%
porte
30%
obéir
28%
prisonnier
28%
fermerai
27%
années
27%
mendierai
25%
nez
24%

Distribution des résultats

Percentile par nombre de réponses

% des personnes avec chaque résultat

Votre développement - résultats

Vous n’avez pas pris ce quiz